Leyes constitucionales de México durante el siglo XIX / (Record no. 67988)

MARC details
000 -LEADER
campo de control de longitud fija 00460nam a2200145 i 4500
001 - NÚMERO DE CONTROL
campo de control 67988
003 - IDENTIFICADOR DE NÚMERO DE CONTROL
campo de control ES-MaACL
007 - CAMPO FIJO DE DESCRIPCIÓN FÍSICA--INFORMACIÓN GENERAL
campo de control de longitud fija t|
008 - DATOS DE LONGITUD FIJA--INFORMACIÓN GENERAL
campo de control de longitud fija 040217s1901 mx ||||1| spa d
100 1# - ENTRADA PRINCIPAL--NOMBRE DE PERSONA
Nombre de persona Gamboa, José M.
9 (RLIN) 53765
245 10 - MENCIÓN DEL TÍTULO
Título Leyes constitucionales de México durante el siglo XIX /
Mención de responsabilidad, etc. discurso que pronunció José M. Gamboa.
260 ## - PUBLICACIÓN, DISTRIBUCIÓN, ETC.
Lugar de publicación, distribución, etc. México :
Nombre del editor, distribuidor, etc. [s.n.,
Fecha de publicación, distribución, etc. 1901] (
Fabricante Tip. Secretaría de Fomento)
300 ## - DESCRIPCIÓN FÍSICA
Extensión 598 p. ;
Dimensiones 24 cm.
852 ## - LOCALIZACIÓN
Ubicación ES-MaACL
Número de control de estantería G-7061
Holdings
Estatus retirado Estado de pérdida Estado de daño No para préstamo Biblioteca de origen Biblioteca actual Ubicación en estantería Fecha de adquisición Fuente de adquisición Total de préstamos Signatura topográfica completa Código de barras Visto por última vez Precio de reemplazo Tipo de ítem Koha
        Biblioteca del Ateneo de Madrid Biblioteca del Ateneo de Madrid Depósito 2 17/01/2008     G-7061 1071180 23/02/2023 23/02/2023 Libro impreso antiguo